00305nam a2200109Ia 4500008004100000020001400041100002000055245006000075250001100135260003200146300001700178180205s9999 xx 000 0 und d a273032682 aBeardshaw, John cPalfreman, DavidaThe organisation in its environment / a2nd ed aUKbPitman publishingc1991 av, 515 pages